Miasta w województwie podlaskim - Statystyki

Ogólne statystyki
  • Ten quiz został rozwiązany 154 razy
    30 od ostatniego zresetowania
  • Średni wynik to 34 z 40
Statystyki odpowiedzi
Miasto Liczba mieszkańców % Poprawnych
Białystok 289 685
100%
Łomża 59 129
100%
Suwałki 68 067
100%
Choroszcz 6240
93%
Mońki 9290
93%
Sejny 4771
93%
Siemiatycze 13 221
93%
Sokółka 16 830
93%
Augustów 28 611
86%
Bielsk Podlaski 23 406
86%
Czarna Białostocka 8446
86%
Czyżew 2451
86%
Dąbrowa Białostocka 4924
86%
Drohiczyn 1724
86%
Grajewo 20 621
86%
Hajnówka 18 560
86%
Kolno 9707
86%
Łapy 14 196
86%
Szepietowo 1950
86%
Wasilków 12 894
86%
Wysokie Mazowieckie 8938
86%
Zabłudów 2508
86%
Zambrów 20 580
86%
Brańsk 3459
79%
Goniądz 1684
79%
Jedwabne 1667
79%
Knyszyn 2617
79%
Krynki 2088
79%
Michałowo 2696
79%
Rajgród 1349
79%
Suchowola 1983
79%
Supraśl 4275
79%
Suraż 949
79%
Szczuczyn 3055
79%
Tykocin 1834
79%
Ciechanowiec 4307
71%
Kleszczele 999
71%
Lipsk 2019
71%
Nowogród 2067
71%
Stawiski 1977
71%
Nie znaleziono quizów pasujących do podanych kryteriów
Rozkład punktacji
Procent ludzi z każdym wynikiem
Percentyl według liczby udzielonych odpowiedzi
Twoja historia wyników
Nie rozwiązałeś tego quizu od ostatniego zresetowania